000
00208nam a2200097Ia 4500
008
190216s9999||||xx |||||||||||||| ||und||
100
_a
Gupta R L
245
0
_a
Advanced Accounting
260
_b
Null
942
_c
BK
999
_c
3967
_d
3967